| 000 | 00400nam a2200121Ia 4500 | ||
|---|---|---|---|
| 008 | 170224s9999 xx 000 0 und d | ||
| 245 | _aRemoving reimbursement barriers to increase the use of screening, brief intervention, and referral to treatment to prevent risky alcohol use | ||
| 260 | _bNursing Outlook | ||
| 260 | _c2015 | ||
| 300 | _a63:6 | ||
| 500 | _aNovember/December | ||
| 650 | _xNursing. | ||
| 999 |
_c317050 _d317050 |
||